Blue and White Flags - Statistics

General Stats
  • This quiz has been taken 24 times
  • The average score is 11 of 12
Answer Stats
Picture Answer % Correct
Argentina
100%
Finland
100%
Greece
100%
Israel
100%
Guatemala
94%
Honduras
94%
Uruguay
94%
El Salvador
89%
Nicaragua
89%
Somalia
89%
Federated States of Micronesia
83%
San Marino
83%
No matching quizzes found
Score Distribution
Percent of People with Each Score
Percentile by Number Answered
Your Score History
You have not taken this quiz